000 00292nam a22001337a 4500
020 _a817573889-8
082 _a920
_bDUA/T
100 _aDUA,SHYAM
245 _aTHE LUMINOUS LIFE OF TONY BLAIR
260 _aDELHI
_bPRINTLINE BOOKS
300 _a95
650 _aBIOGRAPHY
_zDELHI
942 _cBK
999 _c5914
_d5914